European land law (Record no. 107950)
[ view plain ]
| 000 -LEADER | |
|---|---|
| fixed length control field | 01455cad a22002655a 4500 |
| 001 - CONTROL NUMBER | |
| control field | L142711 |
| 008 - FIXED-LENGTH DATA ELEMENTS--GENERAL INFORMATION | |
| fixed length control field | 080303s2007 xxk f 001 0 eng d |
| 020 ## - INTERNATIONAL STANDARD BOOK NUMBER | |
| International Standard Book Number | 9781841137582 |
| -- | 9781847313959 |
| 035 ## - SYSTEM CONTROL NUMBER | |
| System control number | (Sirsi) u142711 |
| 041 0# - LANGUAGE CODE | |
| Language code of text/sound track or separate title | eng |
| 050 04 - LIBRARY OF CONGRESS CALL NUMBER | |
| Classification number | 333.332 $2 18 |
| 100 1# - MAIN ENTRY--PERSONAL NAME | |
| Personal name | Sparks, Peter |
| 245 00 - TITLE STATEMENT | |
| Title | European land law |
| Medium | [electronic resource] |
| 260 ## - PUBLICATION, DISTRIBUTION, ETC. | |
| Place of publication, distribution, etc. | Oxford |
| Name of publisher, distributor, etc. | Hart Publishing |
| Date of publication, distribution, etc. | 2007 |
| 300 ## - PHYSICAL DESCRIPTION | |
| Extent | eBook |
| 505 2# - FORMATTED CONTENTS NOTE | |
| Formatted contents note | Land as a European commodity -- Controls on European buyers -- Towards a European land law? -- Actions affecting land -- Marketing land -- Timeshare -- Conveyancing -- Contracts -- Mortgages and debt -- Contract conflicts -- Family property -- Outro |
| 520 ## - SUMMARY, ETC. | |
| Summary, etc. | Examines the development of land law throughout Europe. Considers how the development of the EU and other European communities affects legal and social development. Identifies the rise of a distinctive European land law. Examines marketing and the sale of land. Considers the effects of treating land as a product within the terms of the Unfair Commercial Practices Directive. Presents and considers a wide range of conflicts rules. |
| 521 2# - TARGET AUDIENCE NOTE | |
| Target audience note | Advanced |
| 590 ## - LOCAL NOTE (RLIN) | |
| Local note | KA |
| 650 24 - SUBJECT ADDED ENTRY--TOPICAL TERM | |
| Topical term or geographic name entry element | EBOOK |
| 651 #4 - SUBJECT ADDED ENTRY--GEOGRAPHIC NAME | |
| Geographic name | Europe |
| 690 ## - LOCAL SUBJECT ADDED ENTRY--TOPICAL TERM (OCLC, RLIN) | |
| Topical term or geographic name as entry element | PROPERTY-PROPERTY ACQUISITION AND DISPOSAL-REGISTRATION OF TITLE TO PROPERTY-LAND REGISTRATION |
| 856 48 - ELECTRONIC LOCATION AND ACCESS | |
| Uniform Resource Identifier | <a href="https://www.vlebooks.com/">https://www.vlebooks.com/</a> |
| Public note | View on VLEbooks. Logins for members only from [email protected] |
| 942 ## - ADDED ENTRY ELEMENTS (KOHA) | |
| Suppress in OPAC | 0 |
| Withdrawn status | Lost status | Source of classification or shelving scheme | Damaged status | Not for loan | Home library | Current library | Shelving location | Date acquired | Cost, normal purchase price | Total Checkouts | Full call number | Barcode | Date last seen | Copy number | Cost, replacement price | Price effective from | Koha item type |
|---|---|---|---|---|---|---|---|---|---|---|---|---|---|---|---|---|---|
| Missing from bundle | Dewey Decimal Classification | London | London | Books | 02/04/2008 | 55.00 | 333.332 SPA | 30072696 | 04/04/2023 | 1 | 55.00 | 06/08/2019 | Book | ||||
| Dewey Decimal Classification | Virtual | Virtual | Online | 23/11/2010 | 72.39 | EBOOK | 142711-2001 | 06/08/2019 | 1 | 72.39 | 06/08/2019 | Book |